| 000 | 00880nam a2200289 4500 | ||
|---|---|---|---|
| 001 | 13083 | ||
| 003 | ES-MaACL | ||
| 005 | 20230906195313.0 | ||
| 007 | t| | ||
| 008 | 000000s1980 sp ||||0| spa d | ||
| 016 | 7 | _z05542565 | |
| 020 | _a84-300-2694-0 | ||
| 040 |
_aIBH _bspa _cM-BN-DP |
||
| 080 | _a946"1936/39" | ||
| 100 | 1 |
_aSalas Larrazábal, Ramón. _9101762 |
|
| 245 | 1 | 4 |
_aLos datos exactos de la Guerra Civil / _c[por] Ramón Salas Larrazábal. |
| 260 |
_aMadrid : _bRioduero [etc.], _c1980. |
||
| 300 |
_aXVII, 310 p. ; _c19 cm. |
||
| 490 | 1 |
_aColección Drácena ; _v4 |
|
| 500 | _aIndice. | ||
| 504 | _aBibliografía. | ||
| 651 | 4 |
_aEspaña- _xHistoria- _y1936-1939, Guerra civil. _98292 |
|
| 830 | 0 |
_aColección Drácena ; _v4 _9183683 |
|
| 852 |
_aES-MaACL _jL-20349 _bR.120756 |
||
| 852 |
_aES-MaACL _jG-14246 _bR.100604 |
||
| 999 |
_c13083 _d13083 |
||